Planning injunctions against persons unknown (Record no. 75239)

MARC details
000 -LEADER
fixed length control field 01735cab a2200229 4500
001 - CONTROL NUMBER
control field L129727
008 - FIXED-LENGTH DATA ELEMENTS--GENERAL INFORMATION
fixed length control field 050516n2005 000 0 eng u
035 ## - SYSTEM CONTROL NUMBER
System control number (Sirsi) u129727
041 ## - LANGUAGE CODE
Language code of text/sound track or separate title eng
100 ## - MAIN ENTRY--PERSONAL NAME
Personal name Langham, Richard
245 ## - TITLE STATEMENT
Title Planning injunctions against persons unknown
260 ## - PUBLICATION, DISTRIBUTION, ETC.
Date of publication, distribution, etc. 2005
490 ## - SERIES STATEMENT
Series statement Journal of Planning and Environment Law
Volume/sequential designation May 2005, 595-602(8)
520 ## - SUMMARY, ETC.
Summary, etc. Examines injunctions "contra mundum" and against unidentifiable defendants after "South Cambridgeshire DC v Persons unknown " ([2004 EWCA Civ 1280), the first time the jurisdiction to make injunctions under the Town and Country Planning Act 1990 s187B has been considered by the CA. Analyses the judgment and the injunction based on the wording of s187B of the Act, the accompanying court rules and two recent decisions "Bloomsbury Publishing Plc v News Group Ltd " ([2003] 1 WLR 1633) and "Hampshire Waste Services Ltd v Persons intending to trespass and/or trespassing upon incinerator sites" ([2003] EWHC 1738 (Ch)). Places the "contra mundum" power recognised in "Hampshire Waste" and "South Cambridgeshire" within the wider context of injunctions having effect against persons other than named defendants. Discusses practical issues concerning s187B injunctions that have emerged from the above cases.
590 ## - LOCAL NOTE (RLIN)
Local note IKA070605
650 ## - SUBJECT ADDED ENTRY--TOPICAL TERM
Topical term or geographic name entry element TOWN AND COUNTRY PLANNING ACT 1990
650 ## - SUBJECT ADDED ENTRY--TOPICAL TERM
Topical term or geographic name entry element BLOOMSBURY PUBLISHING PLC AND ANOTHER V NEWS GROUP NEWSPAPERS LTD
650 ## - SUBJECT ADDED ENTRY--TOPICAL TERM
Topical term or geographic name entry element HAMPSHIRE WASTE SERVICES LTD V PERSONS UNKNOWN
690 ## - LOCAL SUBJECT ADDED ENTRY--TOPICAL TERM (OCLC, RLIN)
Topical term or geographic name as entry element Planning and development
9 (RLIN) 6259
856 ## - ELECTRONIC LOCATION AND ACCESS
Uniform Resource Identifier <a href="https://www.bailii.org/ew/cases/EWCA/Civ/2004/1280.html ">https://www.bailii.org/ew/cases/EWCA/Civ/2004/1280.html </a>
Public note View the South Cambridgeshire DC decision free of charge at www.bailii.org...
942 ## - ADDED ENTRY ELEMENTS (KOHA)
Suppress in OPAC 0
Holdings
Withdrawn status Lost status Source of classification or shelving scheme Damaged status Not for loan Home library Current library Shelving location Date acquired Total Checkouts Full call number Barcode Date last seen Copy number Price effective from Koha item type
    Dewey Decimal Classification     London London Journal article 16/05/2005   L129727 129727-1001 06/08/2019 1 06/08/2019 Journal article